logo

Bir Sreshtho Munshi Abdur Rouf Library
Jhenaidah Cadet College

The three hostages / (Record no. 5003)

MARC details
000 -LEADER
fixed length control field 00556nam a2200217 a 4500
001 - CONTROL NUMBER
JCCL Control Number 5003
003 - CONTROL NUMBER IDENTIFIER
JCCL marc code BD-JhCC
005 - DATE AND TIME OF LATEST TRANSACTION
control field 20171206183238.0
008 - FIXED-LENGTH DATA ELEMENTS--GENERAL INFORMATION
fixed length control field 831221s1981 enk | |||| ||eng||
020 ## - INTERNATIONAL STANDARD BOOK NUMBER
International Standard Book Number 0140009086
035 ## - SYSTEM CONTROL NUMBER
system control number (BD-JhCC)5003
040 ## - CATALOGING SOURCE
Original cataloging agency BD-JhCC
Modifying agency BD-JhCC
041 ## - LANGUAGE CODE
Language code of Book eng
082 ## - DEWEY DECIMAL CLASSIFICATION NUMBER
Classification number 823.914
Author mark and Year BUC 1981
100 1# - MAIN ENTRY--PERSONAL NAME
Personal name Buchan, John,
Dates associated with a name 1875-1940.
245 14 - TITLE STATEMENT
Title The three hostages /
Statement of responsibility, etc John Buchan.
260 ## - PUBLICATION, DISTRIBUTION, ETC. (IMPRINT)
Place of publication, distribution, etc Harmondsworth :
Name of publisher, distributor, etc Penguin,
Date of publication, distribution, etc 1953
Date of manufacture (1981 [printing])
300 ## - PHYSICAL DESCRIPTION
Pagination 282p ;
Dimensions 18cm.
650 ## - SUBJECT ADDED ENTRY--TOPICAL TERM
Topical term or geographic name as entry element Adventure
942 ## - ADDED ENTRY ELEMENTS (KOHA)
Source of classification or shelving scheme Dewey Decimal Classification
Koha item type Books
Holdings
Source of classification or shelving scheme Damaged status Not for loan Home library Current library Shelving location Date of accession Source of acquisition Cost, normal purchase price Total Checkouts Full call number Barcode Date last seen Date checked out Copy number Koha item type
Dewey Decimal Classification     JCC Rouf Library JCC Rouf Library General Stacks 12/06/2017 Stowe School Library 4.00 2 823.914 BUC 1981 6899 06/18/2023 05/15/2023 C-1 Books

JCC Library | Contacts | JCC Home

Last Update on 23 September 2017
Copyright @ 2017-2020 JCC Rouf Library
Rouf Library, Jhenidah Cadet College (JCC), Bangladesh